000 00373 a2200169 4500
001 182564
020 _a85-08-04340-6
040 _cMagnum
100 _aQueiroz, Eça de
240 1 0 _aO crime do Padre Amaro
_lpor
245 1 0 _aO crime do Padre Amaro
300 _a358
362 0 _a1993
440 1 _aÁtica
697 _aLITERATURA GERAL ESTRANGEIRA
942 _cBK
999 _c182564
_d182564